1123 1331 1881 1777 1494 1498 1993 1574 1564 1152 1830 1352 1373 1829 1862 1197 1014 1935 1933 1907 1185 1119 1659 1797 1165 1224 1057 1913 1765 1755 1332 1611 1480 1242 1256 1839 1553 1620 1651 1435 1365 1811 1236 1853 1464 1627 1559 1143 1784 1451 1534 1481 1248 1299 1517 1715 1393 1303 1249 1630 1763 1510 1494 1361 1039 1316 1102 1661 1898 1249 1694 1296 1489 1716 1755 1450 1602 1840 1614 1373 1013 1226 1487 1466 1847 1800 1678 1627 1696 1905 1688 1969 1315 1386 1009 1582 1449 1139 1695 BCNSPRNW ULIB Ver.6.0+V

เปลี่ยนเป็นภาษาไทย

Change to English
 แสดงรายละเอียดบรรณานุกรม
  กลับหน้าหลัก

Brief Record : Get Marc (ISO 2709) : E-mail record : QR code < ปิดหน้าต่าง
LEADER : 00000nam 2200000uu 4500
001    13399125851
003     ULIB
008    020711s2016 th a 000 0 eng d
020    ^a9780826120588
060    ^aWS350.6^bM-C
100    ^aMuscari, Mary E.
245    ^aChild behavioral and parenting challenges for advanced practice nurses/^bMuscari, Mary E.
260    ^aNew York :^bSpringer Publishing Company,^c2016
300    ^a322 pages;^c22 cm
650    ^aMental Disorders
650  0 ^aChild
650  0 ^aAdolescent
650  0 ^aParent-Child
945    ^p2099^l0^i003233
999    ^aประนอม เกษจรัล
รายการนี้ยังไม่มีแท็ก
คุณยังไม่ได้ล็อกอิน คุณสามารถมีกิจกรรมร่วมกับเว็บไซต์ได้ แต่ต้องล็อกอินก่อน ::
  ล็อกอิน

รายการสื่อสารสนเทศ

ลำดับที่ ประเภท เลขเรียก/บาร์โค้ด สถานที่ สถานะ
1. วิทยาศาสตร์การแพทย์ และสุขภาพ
หนังสือสำรอง
สถานะ=หนังสือสำรอง
WS350.6 M-C ฉ.1 
  Barcode: 003233
ห้องสมุดวิทยาเขตสวรรค์ประชารักษ์
►หนังสือทั่วไป
บนชั้น

รายการใกล้เคียง
    หัวเรื่อง [Mental Disorders]
    หัวเรื่อง [Child]
    หัวเรื่อง [Adolescent]
    หัวเรื่อง [Parent-Child]

BibComment


ยังไม่เคยถูกคอมเมนท์

คอมเมนท์ทรัพยากรรายการนี้
  คอมเมนท์: Child behavioral..


 Copyright 2026. Bcnsprnw @Library